000 00386pab a2200145 454500
008 180718b2003 xxu||||| |||| 00| 0 eng d
100 _aTaylor, Pat
245 _aPartnerships between health and local authorities: concluding remarks
260 _c2003
300 _ap.139-40.
362 _aAutumn
650 _aHealth services
773 _aLocal Government Studies
909 _a58509
999 _c58509
_d58509